Constellations parmi les étoiles - Carte (Juin) - Statistiques

Statistiques générales
  • Ce quiz a été pris 812 fois
  • Le résultat moyen est 13 sur 34
Réponses sur la Carte
Les réponses sont colorées sur une échelle allant du rouge au vert en fonction du pourcentage des utilisateurs qui les ont devinées à leur premier essai. Vous pouvez retrouver ces pourcentages ci-dessous.
 
Statistiques - réponses
Constellation % Correct
Grande Ourse
88%
Petite Ourse
88%
Cassiopée
70%
Lion
70%
Cancer
60%
Dragon
59%
Gémeaux
59%
Vierge
56%
Cygne
54%
Balance
53%
Aigle
50%
Hercule
49%
Lyre
43%
Bouvier
40%
Ophiuchus (serpentaire)
40%
Céphée
35%
Couronne boréale
34%
Persée
34%
Hydre Femelle
32%
Dauphin
28%
Girafe
27%
Cocher
25%
Chevelure de Bérénice
24%
Lynx
24%
Flèche
23%
Petit Chien
23%
Chiens de Chasse
21%
Corbeau
20%
Petit Renard
18%
Petit Lion
17%
Lézard
15%
Coupe
14%
Écu
12%
Sextant
9%
Aucun quiz correspondant
Distribution des résultats
% des personnes avec chaque résultat
Percentile par nombre de réponses
Votre historique - résultats
Vous n’avez pas pris ce quiz